Plan Nacional de Desarrollo 2010 - 2014 Anexo IV. Acuerdos con los Pueblos Indígenas: (Registro nro. 8603)

Detalles MARC
000 -CABECERA
Campo de control 03051nam a22002417a 4500
005 - FECHA Y HORA DE LA ULTIMA TRANSACCION
Campo de control 20140829102456.0
008 - ELEMENTOS DE LONGITUD FIJA—INFORMACION GENERAL
Campo de control 150814 | 2012 ck spa
020 ## - ISBN
ISBN 9789581803880
041 ## - IDIOMA
Código de idioma para texto/pista de sonido o título separado Español
044 ## - PAÍS DE PUBLICACIÓN
País de publicación Colombia
082 ## - NUMERO DE CLASIFICACION DECIMAL DEWEY
Número de clasificación 323.3
Número del ítem C71p
110 ## - ASIENTO PRINCIPAL--NOMBRE CORPORATIVO
Nombre corporativo o de jurisdicción como elemento de entrada Colombia
Unidad subordinad Departamento Nacional de Planeación-DNP
245 ## - MENCION DE TITULO
Título Plan Nacional de Desarrollo 2010 - 2014 Anexo IV. Acuerdos con los Pueblos Indígenas:
Parte restante del título Bases para el Programa de Garantías de los Derechos Fundamentales de los Pueblos Indígenas
Mención de responsabilidad
260 ## - PUBLICACION, DISTRIBUCION, ETC. (PIE DE IMPRENTA)
Lugar de publicación, distribución, etc. Bogotá D.C
Nombre del editor, distribuidor, etc. Presidencia República de Colombia
-- Vicepresidencia República de Colombia
Fecha de publicación, distribución, etc. 2012
300 ## - DESCRIPCION FISICA
Extensión 106 p.
Otros detalles físicos Fot (col.), mapas, tablas.
Dimensiones 28 cm.
490 ## - MENCION DE SERIE
Mención de serie Colección Cuadernos Legislación y Pueblos indígenas de Colombia
Designación numérica/secuencial del volumen 2
650 #6 - ASIENTO SECUNDARIO DE MATERIA - TERMINO TEMATICO
Término temático o nombre geográfico como elemento de entrada Indígenas de Colombia
650 #6 - ASIENTO SECUNDARIO DE MATERIA - TERMINO TEMATICO
Término temático o nombre geográfico como elemento de entrada Acuerdos de paz
650 #6 - ASIENTO SECUNDARIO DE MATERIA - TERMINO TEMATICO
Término temático o nombre geográfico como elemento de entrada Desarrollo regional
700 ## - ASIENTO SECUNDARIO - NOMBRE PERSONAL
Nombre personal
710 ## - ASIENTO SECUNDARIO - NOMBRE CORPORATIVO
Nombre corporativo o de jurisdicción como elemento de entrada Colombia
Unidad subordinada Programa Presidencial para la Formulación de Estrategias y Acciones para el Desarrollo Integral de los Pueblos Indígenas de Colombia
942 ## - ELEMENTOS ADICIONALES (KOHA)
Sistema de clasificación Dewey Decimal Classification
Tipo de ítem Libro
Existencias
Withdrawn status Lost status Sistema de Clasificación Damaged status No para préstamo Colección Inventariado Ubicación Permanente Ubicación actual Fecha de adquisición Fuente de Valor Valor Total Checkouts Número topográfico Inventario / Código de Barras Date last seen Ejemplar Price effective from Forma de adquisición Tipo de material
    Dewey Decimal Classification     General Inventariado 2017 Bogotá Bogotá 12/08/2014 Instituto 39000.00   LB-323.3 C71p 029588 12/08/2014 Ej. 1 12/08/2014   Libro